Els Riscos ambientals : una perspectiva municipal una perspectiva municipal
Descripción Física:
132 p. : taules ; 29 cm
Materias:
Medi ambient -- Avaluació del risc
MARC
| LEADER | 00000nam a2200000Ia 4500 | ||
|---|---|---|---|
| 001 | 21120 | ||
| 008 | 160829s2006 xx 000 0 cat d | ||
| 080 | |a C-3-158 | ||
| 245 | |a Els Riscos ambientals : |b una perspectiva municipal | ||
| 260 | |a Barcelona : |b Diputació de Barcelona, |c 2006 | ||
| 300 | |a 132 p. : |b taules ; |c 29 cm | ||
| 590 | |a A la coberta: Gestió del risc ambiental. Elaboració de plans de protecció civil | ||
| 650 | |a Medi ambient |x Avaluació del risc |9 43109 | ||
| 710 | 1 | |a Barcelona (Catalunya : Província). |b Diputació |9 52408 | |
| 901 | |a Arxiu | ||
| 942 | |n 1 | ||
| 952 | |0 0 |1 0 |4 0 |6 C3158 |7 1 |9 51204 |a Arxiu |b Arxiu |d 2016-12-01 |l 0 |o C-3-158 |p 21120 |r 2016-12-01 00:00:00 |w 2016-12-01 |y ARXIU | ||
| 999 | |c 55047 |d 55047 | ||